Loading...

तुगलक

Bibliographic Details
Main Author: गिरीश कर्नाड
Other Authors: Karnad, Girish
Format: Printed Book
Published: New Delhi: Radhakrishna, 2014
Edition:1
Subjects:
LEADER 00542nam a22001697a 4500
020 |a 9788171197903 
082 |a H894.814 2  |b GIR/T 
100 |a गिरीश कर्नाड  
245 |a तुगलक  
250 |a 1 
260 |a New Delhi:  |b Radhakrishna,  |c 2014 
300 |a 160p. 
650 |a Tuglak 
700 |a Karnad, Girish 
942 |c BK 
999 |c 41239  |d 41239 
952 |0 0  |1 0  |4 0  |6 H_894_814000000000000_2_GIRT  |7 0  |8 Stack  |9 44501  |a KUCL  |b KUCL  |c H  |d 2016-08-09  |g 300.00  |l 2  |m 1  |o H894.814 2 GIR/T  |p 39188  |r 2019-07-22  |s 2019-05-21  |w 2016-08-09  |y BK